| 000 | 004430000a22001570004500 | ||
|---|---|---|---|
| 003 | MACL | ||
| 005 | 20170620133146.0 | ||
| 008 | 170620b xxu||||| |||| 00| 0 eng d | ||
| 040 | _cmacl | ||
| 100 |
_aप्रकाश,सुमगल _967634 |
||
| 245 |
_aस्वराज की कहानी _b 2 |
||
| 260 |
_bN.B.T. india _c1972 |
||
| 350 | _a1.50 | ||
| 650 |
_aचिल्ड्रन _967635 |
||
| 942 |
_cHIN _k741.642 _2ddc |
||
| 999 |
_c22666 _d22666 |
||